000 00437nam a2200157 i 4500
001 87704
003 ES-MaACL
005 20230906175726.0
007 t|
008 041223s1919 fr ||||1| fre d
100 1 _aLabry, Raoul.
_969305
245 1 2 _aL'industrie russe et la revolution /
_cRaoul Labry.
260 _aParis :
_b[s.n.,
_c1919] (
_eTours :
_fE. Arrault et Cie)
300 _a288 p. ;
_c19 cm.
852 _aES-MaACL
_jF-11029
999 _c87704
_d87704